<?xml version="1.0" encoding="UTF-8"?>
<record
    xmlns:xsi="http://www.w3.org/2001/XMLSchema-instance"
    xsi:schemaLocation="http://www.loc.gov/MARC21/slim http://www.loc.gov/standards/marcxml/schema/MARC21slim.xsd"
    xmlns="http://www.loc.gov/MARC21/slim">

  <leader>01023nam a2200193Ia 4500</leader>
  <controlfield tag="008">121028s9999    xx            000 0 und d</controlfield>
  <datafield tag="020" ind1=" " ind2=" ">
    <subfield code="a">970-10-6056-3</subfield>
  </datafield>
  <datafield tag="050" ind1=" " ind2=" ">
    <subfield code="a">HD58.7  D37 2007</subfield>
  </datafield>
  <datafield tag="100" ind1=" " ind2=" ">
    <subfield code="a">Davis, Keith</subfield>
  </datafield>
  <datafield tag="240" ind1=" " ind2=" ">
    <subfield code="a">Comportamiento humano en el trabajo</subfield>
  </datafield>
  <datafield tag="245" ind1=" " ind2=" ">
    <subfield code="a">Comportamiento humano en el trabajo /  Keith Davis, John W. Newstrom ; traducci&#xF3;n Miguel Angel S&#xE1;nchez Carri&#xF3;n y Adolfo Deras Qui&#xF1;ones</subfield>
  </datafield>
  <datafield tag="250" ind1=" " ind2=" ">
    <subfield code="a">6a ed.</subfield>
  </datafield>
  <datafield tag="260" ind1=" " ind2=" ">
    <subfield code="a">M&#xE9;xico : McGraw-Hill Interamericana, 2007</subfield>
  </datafield>
  <datafield tag="300" ind1=" " ind2=" ">
    <subfield code="a">xxxi, 501 p</subfield>
  </datafield>
  <datafield tag="500" ind1=" " ind2=" ">
    <subfield code="a">Incluye referencia bibliograficas Prefacio Sumario</subfield>
  </datafield>
  <datafield tag="505" ind1=" " ind2=" ">
    <subfield code="a"> PRIMERA PARTE FUNDAMENTOS DEL COMPORTAMIENTO ORGANIZACIONAL.  1. Fundamentos del comportamiento organizacional.  2. Modelos de comportamiento organizacional.  3. La administraci&#xF3;n de las comunicaciones.  4. Los sistemas sociales y la cultura organiz</subfield>
  </datafield>
  <datafield tag="650" ind1=" " ind2=" ">
    <subfield code="a">Sociolog&#xED;a industrial 2. Funcionamiento organizacional</subfield>
  </datafield>
  <datafield tag="700" ind1=" " ind2=" ">
    <subfield code="a">Newstrom, John W / S&#xE1;nchez Carri&#xF3;n, Miguel &#xC1;ngel / Deras Qui&#xF1;ones, Adolfo tr&#xCC;</subfield>
  </datafield>
  <datafield tag="952" ind1=" " ind2=" ">
    <subfield code="0">0</subfield>
    <subfield code="1">0</subfield>
    <subfield code="4">0</subfield>
    <subfield code="7">0</subfield>
    <subfield code="a">14</subfield>
    <subfield code="b">14</subfield>
    <subfield code="d">2009-12-04</subfield>
    <subfield code="l">1</subfield>
    <subfield code="o">HD58.7  D37 2007</subfield>
    <subfield code="p">14 002481</subfield>
    <subfield code="r">2015-10-10</subfield>
    <subfield code="s">2015-10-10</subfield>
    <subfield code="t">3</subfield>
    <subfield code="w">2012-10-28</subfield>
    <subfield code="y">LB</subfield>
  </datafield>
  <datafield tag="952" ind1=" " ind2=" ">
    <subfield code="0">0</subfield>
    <subfield code="1">0</subfield>
    <subfield code="4">0</subfield>
    <subfield code="7">0</subfield>
    <subfield code="a">14</subfield>
    <subfield code="b">14</subfield>
    <subfield code="d">2009-12-04</subfield>
    <subfield code="l">1</subfield>
    <subfield code="o">HD58.7  D37 2007</subfield>
    <subfield code="p">14 002482</subfield>
    <subfield code="r">2014-12-08</subfield>
    <subfield code="s">2014-12-06</subfield>
    <subfield code="t">2</subfield>
    <subfield code="w">2012-10-28</subfield>
    <subfield code="y">LB</subfield>
  </datafield>
  <datafield tag="952" ind1=" " ind2=" ">
    <subfield code="0">0</subfield>
    <subfield code="1">0</subfield>
    <subfield code="4">0</subfield>
    <subfield code="7">0</subfield>
    <subfield code="a">14</subfield>
    <subfield code="b">14</subfield>
    <subfield code="d">2009-12-04</subfield>
    <subfield code="l">0</subfield>
    <subfield code="o">HD58.7  D37 2007</subfield>
    <subfield code="p">14 002483</subfield>
    <subfield code="r">2012-10-28</subfield>
    <subfield code="t">1</subfield>
    <subfield code="w">2012-10-28</subfield>
    <subfield code="y">LB</subfield>
  </datafield>
  <datafield tag="952" ind1=" " ind2=" ">
    <subfield code="0">0</subfield>
    <subfield code="1">0</subfield>
    <subfield code="4">0</subfield>
    <subfield code="7">0</subfield>
    <subfield code="a">14</subfield>
    <subfield code="b">14</subfield>
    <subfield code="d">2010-10-14</subfield>
    <subfield code="l">4</subfield>
    <subfield code="m">1</subfield>
    <subfield code="o">HD58.7  D37 2007</subfield>
    <subfield code="p">14 003425</subfield>
    <subfield code="r">2017-07-18</subfield>
    <subfield code="s">2017-07-18</subfield>
    <subfield code="t">4</subfield>
    <subfield code="w">2012-10-28</subfield>
    <subfield code="y">LB</subfield>
  </datafield>
  <datafield tag="999" ind1=" " ind2=" ">
    <subfield code="c">85276</subfield>
    <subfield code="d">85276</subfield>
  </datafield>
</record>
